[Event "IECC CL4-2008.01 email"]
[Site "IECC email"]
[Date "2008.01.28"]
[Round "?"]
[White "Foster, Duncan"]
[Black "Sala, Stefano"]
[Result "0-1"]
[WhiteElo "1625"]
[BlackElo "1668"]
[PlyCount "52"]
[EventDate "2008.??.??"]
[EventType "tourn (corr)"]
[EventRounds "4"]
[SourceTitle "Corr 2013"]
[Source "ChessBase"]
[SourceDate "2012.11.12"]
[SourceVersion "1"]
[SourceVersionDate "2012.11.12"]
[SourceQuality "1"]
[WhiteTeam "Greece"]
[BlackTeam "Netherlands"]
[WhiteTeamCountry "GRE"]
[BlackTeamCountry "NED"]

1. d4 d5 2. Bg5 h6 3. Bh4 Nf6 4. Nc3 e6 5. Nf3 Bb4 6. a3 Bxc3+ 7. bxc3 g5 8. Bg3 Ne4 9. Qd3 h5 10. Nd2 Nxd2 11. Qxd2 h4 12. Be5 f6 13. e4 fxe5 14. exd5 exd5 15. dxe5 Nc6 16. Bb5 Be6 17. 0-0 g4 18. f4 gxf3 19. Rxf3 Qe7 20. Qf2 a6 21. Bxc6+ bxc6 22. Rf6 Rh5 23. Rf1 Kd7 24. Qe2 Rg5 25. Kh1 Qxa3 26. Qe1 Rag8 0-1

[Event "IECC Swiss-497.2"]
[Site "IECC email"]
[Date "2005.10.21"]
[Round "?"]
[White "Sala, Stefano"]
[Black "Mauro, Danilo"]
[Result "1-0"]
[WhiteElo "1695"]
[BlackElo "1508"]
[PlyCount "103"]
[EventDate "2005.??.??"]
[EventType "swiss (corr)"]
[EventRounds "1"]
[SourceTitle "Corr 2020"]
[Source "ChessBase"]
[SourceDate "2019.09.30"]
[SourceVersion "1"]
[SourceVersionDate "2019.09.30"]
[SourceQuality "1"]
[WhiteTeam "Italy"]
[BlackTeam "Italy"]
[WhiteTeamCountry "ITA"]
[BlackTeamCountry "ITA"]

1. c4 Nf6 2. d4 g6 3. Nc3 Bg7 4. e4 d6 5. f3 0-0 6. Be3 e5 7. d5 Nh5 8. Qd2 f5 9. 0-0-0 Nd7 10. exf5 gxf5 11. Bd3 Ndf6 12. Nge2 a6 13. Bh6 Bd7 14. Bxg7 Nxg7 15. Rhe1 Qe8 16. Qg5 Kh8 17. Nd4 Qh5 18. Qxh5 Nfxh5 19. Nb3 b6 20. g3 Nf6 21. Kb1 a5 22. a3 a4 23. Nd2 c6 24. dxc6 Bxc6 25. Bc2 Ra5 26. b4 axb3 27. Nxb3 Rxa3 28. Rxd6 Bxf3 29. Rxe5 Ng4 30. Re7 Nf6 31. Rxb6 Ng8 32. Re3 Bh5 33. c5 Raa8 34. Nd5 Bf7 35. Nf4 Rab8 36. Rxb8 Rxb8 37. c6 Nf6 38. h3 Nge8 39. Kb2 Nd6 40. Re7 Bxb3 41. Bxb3 Re8 42. Rxe8+ Nfxe8 43. Ne6 Ne4 44. g4 fxg4 45. hxg4 h6 46. c7 N4d6 47. Ba4 Nf6 48. Bd1 Nd5 49. Bb3 Nb6 50. Ka3 Kh7 51. Kb4 Kg6 52. Kc5 1-0

[Event "IECC CL4-2004.17 email"]
[Site "IECC email"]
[Date "2004.12.28"]
[Round "?"]
[White "Sala, Stefano"]
[Black "Williams, Derek"]
[Result "1-0"]
[WhiteElo "1693"]
[BlackElo "1578"]
[PlyCount "67"]
[EventDate "2004.??.??"]
[EventType "tourn (corr)"]
[EventRounds "4"]
[SourceTitle "Corr 2015"]
[Source "ChessBase"]
[SourceDate "2015.07.17"]
[SourceVersion "1"]
[SourceVersionDate "2015.07.17"]
[SourceQuality "1"]

1. e4 e5 2. Nf3 Nc6 3. Bb5 a6 4. Ba4 Nf6 5. 0-0 b5 6. Bb3 Be7 7. Re1 0-0 8. a4 b4 9. d4 d6 10. dxe5 Nxe5 11. Nxe5 dxe5 12. Qf3 Bg4 13. Qg3 Qd4 14. c3 bxc3 15. bxc3 Qd6 16. Na3 Rab8 17. Nc4 Qe6 18. Ba2 Bd6 19. Bg5 h5 20. h3 Bxh3 21. Qxh3 Qxh3 22. gxh3 Nh7 23. h4 Nxg5 24. hxg5 g6 25. Rad1 Rbd8 26. Nxd6 cxd6 27. Rd5 h4 28. Red1 Kg7 29. Rxd6 Rb8 30. Rxa6 Rb2 31. Bd5 f6 32. Ra7+ Kh8 33. Be6 fxg5 34. Rdd7 1-0

[Event "IECG TE.2004.P.01702 email"]
[Site "IECG email"]
[Date "2004.12.27"]
[Round "?"]
[White "Sala, Stefano"]
[Black "Martins, Karin"]
[Result "1/2-1/2"]
[WhiteElo "1395"]
[BlackElo "1472"]
[PlyCount "39"]
[EventDate "2004.12.27"]
[EventType "tourn (corr)"]
[EventRounds "8"]
[SourceTitle "Corr 2008"]
[Source "ChessBase"]
[SourceDate "2008.06.24"]
[SourceVersion "1"]
[SourceVersionDate "2008.06.24"]
[SourceQuality "1"]

1. b4 e5 2. Bb2 Bxb4 3. Bxe5 Nf6 4. Nf3 d5 5. e3 0-0 6. c3 Be7 7. Bxf6 Bxf6 8. d4 c5 9. dxc5 Be6 10. Nd4 Nd7 11. Bd3 Nxc5 12. 0-0 Rc8 13. Bc2 Ne4 14. Nxe6 fxe6 15. Bxe4 dxe4 16. Qa4 Qd3 17. Qxa7 Be5 18. g3 Qb5 19. Qa3 Ra8 20. Qc1 1/2-1/2

[Event "IECG TE.2004.P.01702 email"]
[Site "IECG email"]
[Date "2004.12.27"]
[Round "?"]
[White "Sala, Stefano"]
[Black "Niewold, Jaap"]
[Result "1/2-1/2"]
[WhiteElo "1395"]
[BlackElo "1731"]
[PlyCount "45"]
[EventDate "2004.12.27"]
[EventType "tourn (corr)"]
[EventRounds "8"]
[SourceTitle "Corr 2008"]
[Source "ChessBase"]
[SourceDate "2008.06.24"]
[SourceVersion "1"]
[SourceVersionDate "2008.06.24"]
[SourceQuality "1"]

1. b4 e5 2. Bb2 Bxb4 3. Bxe5 Nf6 4. Nf3 Nc6 5. Bb2 0-0 6. a3 Ba5 7. e3 a6 8. Be2 d5 9. 0-0 Bf5 10. d4 Qd6 11. c4 dxc4 12. Bxc4 Rad8 13. Nbd2 Bxd2 14. Qxd2 Be4 15. Ng5 Ne5 16. Be2 Bg6 17. Rac1 h6 18. Nf3 Nxf3+ 19. Bxf3 c6 20. Rfe1 Rfe8 21. Qc3 Be4 22. Bxe4 Nxe4 23. Qb3 1/2-1/2

[Event "SEMI B043 email"]
[Site "SEMI email"]
[Date "2004.07.15"]
[Round "?"]
[White "Sala, Stefano"]
[Black "Lanzani, Paolo"]
[Result "1/2-1/2"]
[WhiteElo "1300"]
[BlackElo "1000"]
[PlyCount "85"]
[EventDate "2004.07.15"]
[EventType "tourn (corr)"]
[EventRounds "6"]
[EventCountry "ITA"]
[SourceTitle "Corr 2008"]
[Source "ChessBase"]
[SourceDate "2008.06.24"]
[SourceVersion "1"]
[SourceVersionDate "2008.06.24"]
[SourceQuality "1"]

1. e4 e5 2. Nf3 Nc6 3. Bb5 a6 4. Bxc6 bxc6 5. 0-0 d6 6. d4 Nf6 7. Re1 Nd7 8. c3 Rb8 9. Na3 h6 10. Nc4 Qf6 11. Qa4 Rb5 12. Na3 Rb6 13. b4 Be7 14. Nc4 Rb5 15. Na3 Rb6 16. Be3 0-0 17. Rad1 Qg6 18. dxe5 Nxe5 19. Nxe5 dxe5 20. Bxb6 cxb6 21. Rd3 b5 22. Qc2 a5 23. Rg3 Qh5 24. Qb2 Rd8 25. h3 Rd1 26. Rxd1 Qxd1+ 27. Kh2 Be6 28. bxa5 Bc5 29. a6 Qe1 30. Rf3 Qxe4 31. c4 b4 32. Nc2 Qe2 33. Re3 Bxe3 34. fxe3 Bxc4 35. a7 Bd5 36. a8Q+ Kh7 37. Nxb4 Qxb2 38. Nxd5 cxd5 39. Qxd5 Qa3 40. Qxf7 Qxe3 41. a4 Qc5 42. Qf5+ Kg8 43. h4 1/2-1/2

[Event "IECG CP.2003.P.00050 email"]
[Site "IECG email"]
[Date "2003.10.01"]
[Round "?"]
[White "Bourgoin, Claude"]
[Black "Sala, Stefano"]
[Result "1/2-1/2"]
[WhiteElo "1915"]
[BlackElo "1313"]
[PlyCount "42"]
[EventDate "2003.10.01"]
[EventType "tourn (corr)"]
[EventRounds "6"]
[EventCountry "ESP"]
[SourceTitle "Corr 2008"]
[Source "ChessBase"]
[SourceDate "2008.06.24"]
[SourceVersion "1"]
[SourceVersionDate "2008.06.24"]
[SourceQuality "1"]

1. Nf3 Nf6 2. e3 g6 3. d4 d5 4. c4 c6 5. Nc3 Bg7 6. Bd3 0-0 7. 0-0 Bg4 8. h3 Bxf3 9. Qxf3 Re8 10. Rd1 e6 11. e4 dxe4 12. Bxe4 Nxe4 13. Nxe4 f5 14. Nc5 b6 15. Nb3 Qe7 16. Bf4 a5 17. Bxb8 Raxb8 18. Qxc6 Qb4 19. Qb5 Qxb5 20. cxb5 a4 21. Nc1 Rec8 1/2-1/2

[Event "IECG CP.2003.P.00050 email"]
[Site "IECG email"]
[Date "2003.10.01"]
[Round "?"]
[White "Maltez, Nuno Manuel Fidalgo"]
[Black "Sala, Stefano"]
[Result "1/2-1/2"]
[WhiteElo "1572"]
[BlackElo "1313"]
[PlyCount "59"]
[EventDate "2003.10.01"]
[EventType "tourn (corr)"]
[EventRounds "6"]
[EventCountry "ESP"]
[SourceTitle "Corr 2008"]
[Source "ChessBase"]
[SourceDate "2008.06.24"]
[SourceVersion "1"]
[SourceVersionDate "2008.06.24"]
[SourceQuality "1"]

1. e4 e5 2. f4 Bc5 3. Nf3 d6 4. c3 Nf6 5. fxe5 dxe5 6. d4 exd4 7. cxd4 Bb4+ 8. Bd2 Qe7 9. Bd3 Nxe4 10. Bxe4 Qxe4+ 11. Kf2 Bxd2 12. Nbxd2 Qd5 13. Re1+ Kd8 14. Re5 Qc6 15. Rc1 Qf6 16. Qb3 Nd7 17. Re3 c6 18. Ne4 Qe6 19. Qxe6 fxe6 20. Nfg5 Ke7 21. Ng3 Rf8+ 22. Kg1 Nb6 23. Nxh7 Rf4 24. Rf1 Rxf1+ 25. Kxf1 Nd5 26. Re5 g6 27. Ng5 Bd7 28. Nf3 Rf8 29. Rg5 Be8 30. a3 1/2-1/2

[Event "IECG CP.2002.Q.00010 email"]
[Site "IECG email"]
[Date "2003.10.01"]
[Round "?"]
[White "Rizzi, Davide"]
[Black "Sala, Stefano"]
[Result "1/2-1/2"]
[WhiteElo "1884"]
[BlackElo "1313"]
[PlyCount "54"]
[EventDate "2003.10.01"]
[EventType "tourn (corr)"]
[EventRounds "10"]
[SourceTitle "Corr 2008"]
[Source "ChessBase"]
[SourceDate "2008.06.24"]
[SourceVersion "1"]
[SourceVersionDate "2008.06.24"]
[SourceQuality "1"]

1. e4 c6 2. d4 d5 3. e5 Bf5 4. Nf3 e6 5. Be2 Nd7 6. 0-0 Ne7 7. Nh4 Bg6 8. Nd2 c5 9. c3 Nc6 10. Nxg6 hxg6 11. Nf3 Be7 12. g3 cxd4 13. cxd4 Qb6 14. b3 Rc8 15. a3 g5 16. Be3 f5 17. b4 g4 18. Ne1 g5 19. Rc1 a6 20. Nd3 Qa7 21. Nc5 Nxc5 22. bxc5 Bd8 23. f3 gxf3 24. Bxf3 g4 25. Be2 Rc7 26. Rf2 Rch7 27. Rb1 Ba5 1/2-1/2

[Event "IECG CP.2002.P.00106 email"]
[Site "IECG email"]
[Date "2002.10.01"]
[Round "?"]
[White "Edwardson, Zachariah"]
[Black "Sala, Stefano"]
[Result "0-1"]
[WhiteElo "1397"]
[BlackElo "1352"]
[PlyCount "38"]
[EventDate "2002.10.01"]
[EventType "tourn (corr)"]
[EventRounds "6"]
[EventCountry "ITA"]
[SourceTitle "Corr 2008"]
[Source "ChessBase"]
[SourceDate "2008.06.24"]
[SourceVersion "1"]
[SourceVersionDate "2008.06.24"]
[SourceQuality "1"]

1. f4 d5 2. Nf3 Nf6 3. e3 g6 4. b3 Bg7 5. Bb2 0-0 6. Be2 c5 7. 0-0 Nc6 8. Ne5 Qc7 9. Nxc6 Qxc6 10. Bf3 e6 11. d3 b5 12. c4 Bb7 13. cxb5 Qxb5 14. Nc3 Qa5 15. Na4 Ba6 16. Rc1 Rac8 17. Be5 c4 18. Bc3 Qb5 19. dxc4 dxc4 0-1

[Event "IECG CP.2002.P.00106 email"]
[Site "IECG email"]
[Date "2002.10.01"]
[Round "?"]
[White "Sala, Stefano"]
[Black "Van Bommel, Ton"]
[Result "1-0"]
[WhiteElo "1352"]
[BlackElo "1859"]
[PlyCount "71"]
[EventDate "2002.10.01"]
[EventType "tourn (corr)"]
[EventRounds "6"]
[EventCountry "ITA"]
[SourceTitle "Corr 2008"]
[Source "ChessBase"]
[SourceDate "2008.06.24"]
[SourceVersion "1"]
[SourceVersionDate "2008.06.24"]
[SourceQuality "1"]

1. e4 c5 2. Bc4 e6 3. Nc3 d6 4. Nf3 Nf6 5. d4 cxd4 6. Nxd4 a6 7. 0-0 Be7 8. a4 Nc6 9. Be3 Bd7 10. f3 Na5 11. Bd3 e5 12. Nde2 Rc8 13. b4 Nc4 14. Bxc4 Rxc4 15. b5 Be6 16. bxa6 bxa6 17. Qd3 Nd7 18. Nd5 Bxd5 19. exd5 Qc8 20. Ra2 g6 21. Rb1 Bd8 22. a5 f5 23. c3 h6 24. Rb4 Rh4 25. f4 e4 26. Qc4 Qxc4 27. Rxc4 Kf7 28. Rc6 Be7 29. Rxa6 Rb8 30. g3 Rh5 31. c4 Rb3 32. Ra7 Nf6 33. Bc1 g5 34. c5 Ke8 35. a6 Ng4 36. Rxe7+ 1-0

[Event "IECG CE.2002.0.00033 email"]
[Site "IECG email"]
[Date "2002.07.16"]
[Round "?"]
[White "Stone, Stephan"]
[Black "Sala, Stefano"]
[Result "1-0"]
[WhiteElo "1243"]
[BlackElo "1352"]
[PlyCount "37"]
[EventDate "2002.07.16"]
[EventType "tourn (corr)"]
[EventRounds "6"]
[SourceTitle "Corr 2008"]
[Source "ChessBase"]
[SourceDate "2008.06.24"]
[SourceVersion "1"]
[SourceVersionDate "2008.06.24"]
[SourceQuality "1"]

1. e4 c5 2. Nf3 d6 3. d4 cxd4 4. Nxd4 Nf6 5. Nc3 e6 6. Bd3 Be7 7. Be3 0-0 8. 0-0 Nc6 9. a3 Nxd4 10. Bxd4 e5 11. Be3 Bg4 12. f3 Be6 13. f4 Ng4 14. Bc1 Qb6+ 15. Kh1 Nf2+ 16. Rxf2 Qxf2 17. f5 Bd7 18. Nd5 Bh4 19. Be3 1-0

[Event "IECC TH-M email"]
[Site "IECC email"]
[Date "2002.06.19"]
[Round "?"]
[White "Cehajic, Mustafa"]
[Black "Sala, Stefano"]
[Result "1-0"]
[WhiteElo "1767"]
[BlackElo "1547"]
[PlyCount "87"]
[EventDate "2002.??.??"]
[EventType "match (corr)"]
[EventRounds "2"]
[SourceTitle "Corr 2008"]
[Source "ChessBase"]
[SourceDate "2008.06.24"]
[SourceVersion "1"]
[SourceVersionDate "2008.06.24"]
[SourceQuality "1"]

1. e4 c5 2. Nf3 d6 3. d4 cxd4 4. Nxd4 Nf6 5. Nc3 g6 6. Be3 Bg7 7. f3 Nc6 8. Qd2 0-0 9. Rd1 Nxd4 10. Bxd4 a6 11. Bc4 b5 12. Bb3 Bb7 13. 0-0 Rc8 14. a3 Qc7 15. Rf2 Rfe8 16. Qg5 Nd7 17. Bxg7 Kxg7 18. f4 Qc5 19. e5 Rcd8 20. e6 Qxg5 21. fxg5 fxe6 22. Bxe6 Ne5 23. Ne2 Rf8 24. Rdf1 Rxf2 25. Rxf2 Rf8 26. Nd4 Rxf2 27. Kxf2 h5 28. h4 Nc4 29. Bxc4 bxc4 30. Ne6+ Kh7 31. g3 Bd5 32. Nc7 Be4 33. c3 a5 34. Ke3 Bg2 35. Kd4 Bf1 36. Kd5 Kg7 37. a4 Kf8 38. Kc6 Bg2+ 39. Kb5 e5 40. Kxa5 Bc6 41. Kb4 Ke7 42. Nb5 d5 43. a5 e4 44. a6 1-0